000 00468nam a22001697a 4500
005 20180206124621.0
008 160428b xxu||||| |||| 00| 0 eng d
020 _a0-07-0582998
041 _aeng
082 _b00512
_a005.36
100 _aKettal, Jenni fer Ackerman and others
_94100
245 _aMicrosoft Office 2003: The complete Reference
260 _aNew Delhi
_bTMH Publ.co.Ltd.
_c2003
300 _a874
650 _aInformation Technology
_9137
942 _cBK
999 _c149
_d149